000 00679nam a22002057a 4500
003 OSt
005 20250829083419.0
008 250829b |||||||| |||| 00| 0 eng d
020 _a978-971-9656-45-6
040 _aDWC-Main Lib
_cOC
082 _aFil. 371.102 B826f 2018
100 _aBrawner, Dalisay S.
245 _aFacilitating learner - centered teaching/
_cDalisay S. Brawner
260 _aQuezon City, Philippines :
_bAdriana Publishing Co. Inc.,
_cc2018.
300 _axii, 206 pages :
_billustrations ;
_c26cm.
504 _aIncludes bibliographical references.
650 _a1. Cognitive learning.
650 _a2. Educational.
942 _2ddc
_cBK - FIL
_kFil.
_n0
999 _c4368
_d4368